| 000 | 00345nam a22001457a 4500 | ||
|---|---|---|---|
| 008 | 210507b ||||| |||| 00| 0 eng d | ||
| 020 | _a9780205308590 | ||
| 041 | _aeng | ||
| 080 |
_27th _a82 |
||
| 082 | _a82 | ||
| 100 | _a21 | ||
| 101 | _aGJL | ||
| 245 |
_aJoining Together Group Theory and Group Skills _cDavid W. Johnson |
||
| 942 |
_2udc _cBK |
||
| 999 |
_c57131 _d57131 |
||